Experiencia sobre preparación, trasmisión e interpretación de información contable en contextos de crisis económica (Registro nro. 17197)

Detalles MARC
000 -LEADER
fixed length control field 00460 a2200121 4500
001 - CONTROL NUMBER
control field ART_2224
005 - DATE AND TIME OF LATEST TRANSACTION
control field 20260410161724.0
008 - FIXED-LENGTH DATA ELEMENTS--GENERAL INFORMATION
fixed length control field 260409a
100 1# - MAIN ENTRY--PERSONAL NAME
Personal name Slosse, Carlos Alberto
245 10 - TITLE STATEMENT
Title Experiencia sobre preparación, trasmisión e interpretación de información contable en contextos de crisis económica
700 1# - ADDED ENTRY--PERSONAL NAME
Personal name Servideo, Federico A.
773 0# - HOST ITEM ENTRY
Title Administración de empresas
Related parts - Año XVIII, Nº 213 (dic. 1987)
Record control number REV2036

No hay ítems disponibles.